Представление документа в формате RUSMARC

ПолеНазваниеЗначение
  Тип записи a
  Библиографический уровень m
001 Контрольный номер RU/CBS_UL/BASE/577184990
005 Дата корректировки 20240209174821.2
010 Индекс ISBN __
a ISBN
b Уточнения в пер.
d Цена 25 р. 00 к.
9 Тираж экз.
100 Данные общей обработки __
a Данные общей обработки 20180416d2018 ||| 0rusy0189 ca
101 Язык документа 0_
a Язык текста rus
102 Страна публикации __
a Страна публикации RU
105 Кодированные данные (монография) __
a Кодированные данные (монография) y###||||000|y
200 Заглавие и сведения об ответственности 1_
a Заглавие Тлеющие угли
b Общее обозначение материала Текст
e Сведения, относящиеся к заглавию исторический роман
e Сведения, относящиеся к заглавию пер. с бол.
f Первые сведения об ответственности Е. Константинов
210 Выходные данные 1_
a Место издания Ташкент
c Издательство Правда Востока
d Дата издания 1993
215 Физическое описание __
a Объем 400 с.
d Формат см.
225 Серия 0_
a Серия Роза ветров: собрание историко-приключенческих романов; Т.3
300 Общие примечания __
a Общие примечания Ограничения по возрасту - 16+
300 Общие примечания __
a Общие примечания Под инв. номером 153032: 41-1
606 Тематические рубрики 0_
a Основная рубрика Болгарская литература, 20 в. - Проза
610 Ключевые слова 0_
a Ключевые слова литература болгарская
a Ключевые слова романы исторические
a Ключевые слова приключения исторические
a Ключевые слова монголо-татарское нашествие
a Ключевые слова крестьянское движение в Болгарии
686 Индексы других классификаций __
a Классификационный индекс 84(4Бол)
2 Код системы ББК
700 Автор _1
a Фамилия Константинов
b Имя (инициалы) Евгений
g Полное личное имя Е.
801 Источник записи _0
a Страна RU
b Организация МБУК ЦБС
c Дата составления 20180416
g Правила каталогизации RCR
801 Источник записи _1
a Страна RU
b Организация МБУК ЦБС г. Ульяновска
c Дата составления 20180416
g Правила каталогизации RCR
899 Данные о местонахождении __
i Авторский знак К 65
j Расстановочный фильтр И(Болг)
901 Тип документа __
t Тип документа m
910 Корректоры записи __
a Корректор записи Хисамова